El denario del sueño / [por] Marguerite Yourcenar ; tr. por Emma Calatayud

محفوظ في:
التفاصيل البيبلوغرافية
المؤلف الرئيسي: Yourcenar, Marguerite (autor)
التنسيق: كتاب
سلاسل:Alaguara literaturas ; 166
الموضوعات:
الوسوم: إضافة وسم
لا توجد وسوم, كن أول من يضع وسما على هذه التسجيلة!

MARC

LEADER 00000nam^a2200000^u^4500
001 000544363
005 20250521000000.0
008 060220s1000^^^^^^^^^^^^r^^^^^000^0^spa^d
009 20260310131326.842
035 |a FMI 000013521 
037 |a Acervo Xavier Clavigero 
096 |a 9.1.1/207/B 
100 |a Yourcenar, Marguerite  |e (autor) 
245 1 3 |a El denario del sueño / [por] Marguerite Yourcenar ; tr. por Emma Calatayud 
264 |a Madrid : Alfaguara, 1991 
300 |a 180 p. 
336 |a texto  |b txt  |2 rdacontenido 
337 |a sin mediación  |b n  |2 rdamedio 
338 |a volumen  |b nc  |2 rdasoporte 
440 0 |a Alaguara literaturas ; 166 
597 |a Trad. del francés ("Denier du Réve"). 
649 |a XX 
650 |a Novela 
910 |a Fondo Francisco Migoya Covarrubias S.J. 
920 |a Impresos - Libros 
930 |a Fondos Especiales 
905 |a 134 
901 |a SBC18440  |b IT2  |c ESP  |u 20250521 
902 |a https://opac.biblio.iteso.mx/vufind/Record/000544363